000 01819nam a2200229 a 4500
005 20140310183403.0
008 121010s19uu xx 00 eng d
020 _a9781597496377
050 _aU 163
_b.An64 2011
100 _aAndress, Jason
245 _aCyber warfare :
_btechniques, tactics and tools for security practitioners /
_cJason Andress, Steve Winterfeld ; Russ Rogers, technical editor ; foreword by Stephen Northcutt.
260 _aAmsterdam ; Boston :
_bSyngress / Elsevier,
_c2011.
300 _axxvii, 289 p. :
_bill. ;
_c25 cm.
500 _aIncludes bibliographical references and index.
520 _a Overview: Cyber Warfare explores the battlefields, participants and the tools and techniques used during today's digital conflicts. The concepts discussed in this book will give those involved in information security at all levels a better idea of how cyber conflicts are carried out now, how they will change in the future and how to detect and defend against espionage, hacktivism, insider threats and non-state actors like organized criminals and terrorists. Every one of our systems is under attack from multiple vectors-our defenses must be ready all the time and our alert systems must detect the threats every time. Provides concrete examples and real-world guidance on how to identify and defend your network against malicious attacks; Dives deeply into relevant technical and factual information from an insider's point of view; Details the ethics, laws and consequences of cyber war and how computer criminal law may change as a result.
650 _aInformation warfare
_xHandbooks, manuals, etc
650 _aComputer networks
_xSecurity measures
_xHandbooks, manuals, etc
700 _aWinterfeld, Steve
700 _aRogers, Russ
942 _cBK
_2lcc
_kFOR
999 _c22355
_d22355